000
00222 a2200097 4500
001
53095
100
_a
Svensson N L
245
_a
Introduction to Engineering Design
260
_a
London
_b
Pitman
_c
090
_c
33382
_d
33382
942
_a
NUST-CAE
_c
M
_c
25983
999
_c
288168
_d
288168